Early Church - Statistics

General Stats
  • This quiz has been taken 7 times
  • The average score is 5 of 11
Answer Stats
Hint Answer % Correct
Most influential western theologian, wrote confessions and The City of God Augustine
100%
Championing Nicene Orthodoxy, Battled Arianism, Wrote "On the Incarnation" Athanasius
71%
Known for Translating the Latin Vulgate and defending the Perpetual Virginity of Mary Jerome
71%
He Baptised Augustine and stood up to emperor theodosius over Church authority, he was a big Latin Father Ambrose
43%
Nicknamed the Theologian, famous for his deep trinitarian theology, especially the deity of the Holy Spirit Gregory | Gregory of Nazianzus
43%
Developing Mystical theology and the concept of epektasis, the more speculative of the Cappadocians Gregory | Gregory of Nyssa
43%
Founder of Christian monasticism, subject of Athanasius's biography Anthony | Anthony the Great
29%
Systematizing monasticism in the East and Co-defending the Trinity, and the Divinity of the Spirit, the Main Cappadocian Father Basil
29%
wrote the Catechetical Lectures, a comprehensive early church instruction manual, bishop of jerusalem Cyril
29%
Heresiologist, he wrote the Panarion defending orthodoxy against 80 heresies Epiphanius
29%
The Athanasius of the West, defending trinitarian doctrine against Arianism, and the first big Latin Father of Niece orthodoxy Hilary
29%
No matching quizzes found
Score Distribution
Percent of People with Each Score
Percentile by Number Answered
Your Score History
You have not taken this quiz